00692 2200253 4500001002100000005001700021008004100038035002400079082001000103090001700113100000900130245006500139250001100204260003500215300003100250500004500281650003500326700001500361850001500376980001300391985000600404986001300410999001500423YOGYA-0209000001483920090227022450.0 ind  0010-020900000014839 a330.1 a330.1bSlo P aSLOT aPengantar ekonomi perusahaancSlot ; disadur oleh R.A. Fadly aCet. 6 aBandungbKarya Nusantarac1972 aviii, 272 hlmbilusc21 cm aJudul asli : Elementaire bedrufseconomie aEkonomi perusahaan - Pengantar aFadly, R.A aYOPDYOG(B) a08-08-05 a1 afwhrtrev aP000012509